000 00492nam a2200169Ia 4500
008 240729s9999 xx 000 0 und d
022 _a2059-0466
245 4 _aThe International Journal of Nurture in Education
260 _aUnited Kingdom
260 _bNurture UK
650 _a Education (General) | Education
650 _a Special aspects of education
650 _aEducation
856 _uhttps://doaj.org/toc/c54c318c7cc14615a1843a7f000026b7
942 _2ddc
942 _cDOAJEJ
999 _c73394
_d73394
945 _a1
_bMadushi Gamage
_c1
_dMadushi Gamage